Edo senryū jiten /

Saved in:
Bibliographic Details
Main Author: Hamada, Giichirō, 1907-
Format: Book
Language:Japanese
Published: Tōkyō : Tōkyōdō Shuppan, [1968]
Subjects:
Tags: Add Tag
No Tags, Be the first to tag this record!
LEADER 00960nam a2200277 a 4500
001 007795155-7
005 20024617122053.0
008 960404s1968 ja ab b 000 0 jpn
010 |a j 68003898 /AJ 
035 0 |a ocm34823370 
035 0 |a ocm34823370  |z ocm33611347 
040 |a DLC  |c DLC  |d *YNH*  |d CStRLIN 
043 |a a-ja--- 
050 0 0 |a PL730  |b .H3 
100 1 |6 880-01  |a Hamada, Giichirō,  |d 1907- 
245 1 0 |6 880-02  |a Edo senryū jiten /  |c Hamada Giichirō hen. 
260 |6 880-03  |a Tōkyō :  |b Tōkyōdō Shuppan,  |c [1968] 
300 |a 3, 635 p. :  |b ill., maps ;  |c 19 cm. 
504 |a Includes bibliographical references (p. 540-546). 
650 0 |a Senryū  |x Dictionaries. 
650 0 |a Japanese poetry  |y Edo period, 1600-1868  |x Dictionaries  |x Japanese. 
880 1 |6 100-01  |a 浜田義一郎,  |d 1907- 
880 1 0 |6 245-02  |a 江戶川柳辞典 /  |c 浜田義一郎編.. 
880 |6 260-03  |a 東京 :  |b 東京堂出版,  |c [1968] 
988 |a 20021220 
906 |0 DLC